|
|
|
|
| LEADER |
01212ppm a22002778a 4500 |
| 001 |
00027043 |
| 005 |
20171026081023.0 |
| 008 |
110927s2008 ||||||viesd |
| 041 |
0 |
# |
|a vie
|
| 082 |
1 |
4 |
|b NGH250TH
|a 843.009
|
| 100 |
1 |
# |
|a Siêu, Thị Chiêu Linh
|
| 245 |
1 |
0 |
|a Nghệ thuật xây dựng kết cấu trong Bà Bovary của Flaubert
|b Khóa luận tốt nghiệp : Ngành Sư phạm Ngữ văn: Trình độ : Cao đẳng
|c Siêu Thị Chiêu Linh; Nguyễn Thị Kim Tiến hướng dẫn
|
| 260 |
# |
# |
|a Đồng Tháp
|b Trường Đại học Sư phạm Đồng Tháp
|c 2008
|
| 300 |
# |
# |
|a 64 tr.
|c 30 cm.
|b bảng
|
| 500 |
# |
# |
|a ĐTTTS ghi: Bộ Giáo dục và Đào tạo. Trường Đại học Sư phạm Đồng Tháp
|
| 502 |
# |
# |
|a Thư mục : tr.63 - 64
|
| 650 |
|
|
|a Nghiên cứu văn học
|z Pháp
|
| 653 |
# |
# |
|a Tiểu thuyết
|
| 700 |
1 |
# |
|a Nguyễn, Thị Kim Tiến
|e hướng dẫn
|
| 852 |
# |
# |
|b Kho đọc
|j KD.0011637
|
| 852 |
# |
# |
|j KD.0011637
|
| 910 |
# |
# |
|a Ntuyet
|d 27/09/2011
|
| 980 |
# |
# |
|a Trung tâm Học liệu Lê Vũ Hùng, Trường Đại học Đồng Tháp
|